000 00329 a2200145 4500
001 92072
082 _a030 ILY
090 _c44032
_d44031
100 _aMuhammad Ilyas Adil
245 _aHairat Angaiz Maloomat
250 _a1
260 _aLahore
_bMushtaq Book Corner
_c2009
300 _a272p.
_bHb
500 _aGeneral Book
942 _aCAE NUST
_k030 ILY
999 _c327145
_d327145